Vnútorné lekárstvo I. diel

Bibliographic Details
Main Author: Mokáň, Marián, 1957- (Author, Editor)
Format: Book
Language:Slovak
PhysicalDescription:206 strán tabuľky 24 cm
Published: Bratislava Univerzita Komenského v Bratislave 2020
ISBN:9788022348959
Edition:Tretie nezmenené vydanie
Subjects:

MARC

LEADER 00000cam a2200000 4500
001 vtls011972157
003 SK-MaSNL
005 20260301225705.0
008 240210s2020 xo f p 000 0 slo
015 |a SNBA2020/08 
020 |a 9788022348959  |q (brožované) 
035 |a urn:nbn:sk:snk-am00ff2x 
035 |a urn:nbn:sk:snk-am3irhi 
035 |a 836BC2FC-71B8-4525-AAA4-4CE6F7C20E32 
040 |a SNK  |b slo  |c SNK  |e rda 
041 0 |a slo 
044 |a xo  |c SK 
072 7 |a 616  |x Patológia. Klinická medicína  |2 konspekt 
080 |a 616.1/.6  |2 2011 
080 |a 612.17  |2 2011 
080 |a 616.24  |2 2011 
080 |a (075.8)  |2 2011 
100 1 |a Mokáň, Marián,  |d 1957-  |4 aut  |4 edt  |9 106742 
245 1 0 |a Vnútorné lekárstvo  |n I. diel  |c Marián Mokáň a kolektív 
250 |a Tretie nezmenené vydanie 
264 1 |a Bratislava  |b Univerzita Komenského v Bratislave  |c 2020 
300 |a 206 strán  |b tabuľky  |c 24 cm 
336 |a text  |b txt  |2 rdacontent 
337 |a bez média  |b n  |2 rdamedia 
338 |a zväzok  |b nc  |2 rdacarrier 
366 |e 200 kusov 
650 0 7 |a interná medicína  |2 SNKPH  |9 905 
650 0 7 |a kardiológia  |2 SNKPH  |9 906 
650 0 7 |a pneumológia  |2 SNKPH  |9 913 
650 0 7 |a Internal medicine  |2 SNKPHeng  |9 267482 
650 0 7 |a Cardiology  |2 SNMPHeng  |9 267840 
650 0 7 |a Pneumology  |2 SNKPHeng  |9 266835 
655 7 |a učebnice vysokých škôl  |2 SNKPH  |9 70191 
655 7 |a Textbooks (higher)  |2 SNKPHeng  |9 276436 
710 2 |a Univerzita Komenského v Bratislave.  |b Jesseniova lekárska fakulta v Martine  |4 pbl  |9 122679 
919 |a 978-80-223-4895-9 
958 |a MI 
999 |c 951861  |d 953791 
952 |a SNK  |b SNK  |y PREZ  |7 0  |p 17A1429670  |o snkSC 189770/1  |i snk2020/14301  |8 0  |0 0  |1 0  |4 0  |d 2020-08-13  |f 1  |l 0  |r 2025-10-07 00:00:00  |w 2026-02-24 
952 |a SNK  |b SNK  |y VYP  |7 0  |p 17A1429671  |o snkSC 189770/1 D1  |i snk2020/14302  |8 0  |0 0  |1 0  |4 0  |d 2020-08-13  |l 0  |r 2026-02-24 09:51:43  |w 2026-02-24